000 01050nam0a22002531 4500
001 rc\1083290
005 20041126173652.6
035 _a(NLR Aleph) 006331352
090 _a7548594
_c7548594
100 _a20041126d1983 u |0rusy50 ca
101 0 _arus
102 _aRU
105 _ay |||||||||
200 1 _aИзмерение и гигиеническая оценка инфразвука на рабочих местах операторов сельскохозяйственных машин, тракторов и средств транспорта
_e(Метод. рекомендации)
_fМ-во здравоохранения КазССР
_g[Разраб. к. м. н. С.К. Нурбаевым]
210 _aАлма-Ата
_cБ. и.
_d1983
215 _a17 с.
_d20
320 _aБиблиогр.: с. 17
702 1 _aНурбаев
_bС. К.
_4570
712 0 1 _aКазССР
_bМ-во здравоохранения
801 0 _aRU
_bNLR
_gpsbo
801 1 _aRU
_bELAR
_2rusmarc
852 _aNLR
_j84-4/912
942 _cBOOK
980 _aNB